000 00280nam a22001217a 4500
008 170508b xxu||||| |||| 00| 0 eng d
041 _aeng
080 _a342
100 _a14
101 _aSHJ
245 _aFUNDA,EMTALS POLICE ADMINISTRATION
_cHALE.CH.D
942 _2udc
_cBK
999 _c12947
_d12947